000 00813nam a2200217Ia 4500
001 10148
003 GE_BSU
008 181216s||||||||xx |||||||||||||| ||und||
040 _cGE_BSU
080 _a821.353.1-144+821.353.1-11
100 _aსულაბერიძე,ლადო
245 _aრჩეული ბალადები.პოემები
245 _cრედ.ი.არაბული.მხატვ.დ.დუნდუა.წინასიტყვ.გ.ციციშვილისა
260 _aთბილისი
260 _bსაბჭოთა საქართველო
260 _c1981
300 _a236გვ.პორტრ.21სმ.
541 _h5ლ.
653 _aრჩეული ბალადები.პოემები
942 _cBK
999 _c43418
_d43418